NBA Player Last Name Chain Game - Statistics

General Stats
  • This quiz has been taken 109 times
  • The average score is 24 of 36
Answer Stats
Hint Answer % Correct
Klay _______ Thompson
100%
Joel _____ Embiid
99%
Kevin ______ Durant
97%
Dirk _______ Nowitzki
91%
J.R. ______ Smith
91%
Shaquille _____ O'Neal
85%
Bam ______ Adebayo
80%
Draymond _____ Green
79%
Moses ______ Malone
79%
Domantas ______ Sabonis
79%
Pascal ______ Siakam
77%
Jayson _____ Tatum
77%
Ben _______ Simmons
76%
JaVale _____ McGee
75%
Steven _____ Adams
74%
Ray _____ Allen
72%
Marcus _____ Smart
69%
Julius ______ Erving
66%
Darius _______ Garland
64%
Anthony _____ Davis
63%
Andre _______ Iguodala
63%
Zach ______ LaVine
63%
Victor ______ Oladipo
63%
Austin ______ Reaves
63%
James _____ Harden
62%
Monta _____ Ellis
60%
Steve ____ Nash
60%
Anthony _______ Edwards
59%
Nerlens ____ Noel
56%
Collin ______ Sexton
53%
Kyle _____ Kuzma
49%
Georges _____ Niang
38%
John _______ Havlicek
36%
Bill ______ Laimbeer
36%
Kendrick ____ Nunn
34%
Jack _____ Sikma
25%
No matching quizzes found
Score Distribution
Percent of People with Each Score
Percentile by Number Answered
Your Score History
You have not taken this quiz